[Event "Quebec op U2000"]
[Site "Laval CAN"]
[Date "2022.09.05"]
[Round "8.34"]
[White "Vaillant, Charles-Etienne"]
[Black "Joanis, Marc-Andre"]
[Result "0-1"]
[WhiteElo "1452"]
[BlackElo "1780"]
[PlyCount "76"]
[EventDate "2022.09.01"]
[EventType "swiss"]
[EventRounds "9"]
[EventCountry "CAN"]

1. d4 Nf6 2. c4 e6 3. Nc3 Bb4 4. Qc2 Nc6 5. Nf3 d6 6. a3 Bxc3+ 7. Qxc3 a5 8. e3
a4 9. Bd3 Qe7 10. Bc2 O-O 11. O-O e5 12. d5 Nb8 13. e4 Nbd7 14. Bg5 h6 15. Bxf6
Qxf6 16. Ne1 Nc5 17. f3 Bd7 18. Nd3 Nxd3 19. Bxd3 b6 20. f4 Qe7 21. fxe5 dxe5
22. Kh1 f6 23. Qb4 Qc5 24. Rf3 Kf7 25. Bc2 Ke7 26. Qxc5+ bxc5 27. b4 axb3 28.
Rxb3 Ba4 29. Rb2 Bxc2 30. Rxc2 Rfb8 31. a4 Rxa4 32. Rac1 Rb3 33. h3 Re3 34. Rb1
Rxe4 35. Rb7 Kd6 36. Rb8 Raxc4 37. Rd2 Red4 38. Rdb2 Rb4 0-1

[Event "Quebec op U2000"]
[Site "Laval CAN"]
[Date "2022.09.05"]
[Round "8.35"]
[White "Cloutier, Jean-Pierre"]
[Black "Brassard, Sylvain"]
[Result "1-0"]
[WhiteElo "1714"]
[BlackElo "1694"]
[PlyCount "53"]
[EventDate "2022.09.01"]
[EventType "swiss"]
[EventRounds "9"]
[EventCountry "CAN"]

1. g3 d5 2. Bg2 Nf6 3. b3 g6 4. Bb2 Bg7 5. d4 O-O 6. Nf3 c6 7. O-O Re8 8. Nbd2
Nbd7 9. Ne5 Nxe5 10. dxe5 Ng4 11. Nf3 Qc7 12. c4 dxc4 13. Qd4 Rd8 14. Qf4 cxb3
15. Ng5 f6 16. Qc4+ e6 17. Nxe6 Qf7 18. Qxg4 Bxe6 19. Qb4 bxa2 20. exf6 Bxf6
21. Bxf6 Qxf6 22. Qxb7 Rab8 23. Qxc6 Qxa1 24. Qxe6+ Kh8 25. Rxa1 Rb1+ 26. Bf1
Rdd1 27. Rxa2 1-0

[Event "Quebec op U2000"]
[Site "Laval CAN"]
[Date "2022.09.05"]
[Round "8.36"]
[White "Sonko, Babacar"]
[Black "Phaneuf, Vincent"]
[Result "1-0"]
[WhiteElo "1653"]
[BlackElo "1582"]
[PlyCount "63"]
[EventDate "2022.09.01"]
[EventType "swiss"]
[EventRounds "9"]
[EventCountry "CAN"]

1. e4 c5 2. Nc3 g6 3. f4 Bg7 4. Nf3 Nc6 5. Bc4 e6 6. d3 Nge7 7. O-O O-O 8. Qe1
d5 9. Bb3 Re8 10. f5 c4 11. dxc4 d4 12. Ne2 exf5 13. Qh4 Ne5 14. Bh6 Ng4 15.
Bxg7 Kxg7 16. Nfxd4 Nc6 17. Qxd8 Rxd8 18. Nxc6 bxc6 19. exf5 Bxf5 20. Ng3 Be6
21. Rfe1 c5 22. Ne4 Rac8 23. h3 Nf6 24. Ng5 Bd7 25. Re7 Rf8 26. Rd1 Rcd8 27.
Ba4 h6 28. Rdxd7 Rxd7 29. Ne6+ Kg8 30. Bxd7 fxe6 31. Bxe6+ Kh8 32. Rxa7 1-0

[Event "Quebec op U2000"]
[Site "Laval CAN"]
[Date "2022.09.06"]
[Round "9.24"]
[White "Di Matteo, Alessio"]
[Black "Liu, Kevin"]
[Result "1-0"]
[WhiteElo "1909"]
[BlackElo "1800"]
[PlyCount "83"]
[EventDate "2022.09.01"]
[EventType "swiss"]
[EventRounds "9"]
[EventCountry "CAN"]

1. d4 d5 2. c4 dxc4 3. e4 e5 4. Nf3 exd4 5. Nxd4 Bb4+ 6. Nc3 Nf6 7. Qa4+ c6 8.
Qxb4 Qxd4 9. Be3 a5 10. Qa3 Qd8 11. Rd1 Qc7 12. Bxc4 Be6 13. Bxe6 fxe6 14. Qb3
Qf7 15. Rd6 O-O 16. Qxe6 Re8 17. Qxf7+ Kxf7 18. f3 Nbd7 19. O-O Ne5 20. b3 Rad8
21. Rfd1 Rxd6 22. Rxd6 Ned7 23. Kf2 Re6 24. Rd1 b5 25. h3 Ke7 26. Ne2 Rd6 27.
Rc1 Ne5 28. Rc2 Nd3+ 29. Kg1 Nb4 30. Rb2 Rd1+ 31. Kh2 Nd7 32. Nd4 Ra1 33. Kg3
Ne5 34. f4 Ned3 35. Rd2 Kd7 36. e5 Rxa2 37. Rd1 a4 38. bxa4 bxa4 39. e6+ Kd6
40. f5 h6 41. Nf3 c5 42. Ne5 1-0

[Event "Quebec op U2000"]
[Site "Laval CAN"]
[Date "2022.09.06"]
[Round "9.25"]
[White "Morin-Pare, Victor"]
[Black "Mangahas, Ronald"]
[Result "0-1"]
[WhiteElo "1912"]
[BlackElo "1842"]
[PlyCount "62"]
[EventDate "2022.09.01"]
[EventType "swiss"]
[EventRounds "9"]
[EventCountry "CAN"]

1. d4 g6 2. Nc3 Nf6 3. e4 d6 4. Be3 Bg7 5. f3 c6 6. Qd2 Qa5 7. O-O-O b5 8. Kb1
Nbd7 9. Bh6 Bxh6 10. Qxh6 b4 11. Nce2 c5 12. Nc1 Ba6 13. Nb3 Qb6 14. Bxa6 Qxa6
15. e5 dxe5 16. dxe5 Nxe5 17. Nxc5 Qc6 18. Nb3 Nc4 19. Ne2 Rc8 20. Ned4 Qb6 21.
Rhe1 a5 22. Re2 a4 23. Nc1 Nd5 24. Qg7 Rf8 25. Rde1 Rc7 26. Re6 fxe6 27. Nxe6
Rf6 28. Qg8+ Kd7 29. Qd8+ Kc6 30. Qa8+ Kd6 31. Qd8+ Rd7 0-1

[Event "Quebec op U2000"]
[Site "Laval CAN"]
[Date "2022.09.06"]
[Round "9.26"]
[White "Laughlin, Braden"]
[Black "Moses, Neil"]
[Result "1-0"]
[WhiteElo "1879"]
[BlackElo "1485"]
[PlyCount "59"]
[EventDate "2022.09.01"]
[EventType "swiss"]
[EventRounds "9"]
[EventCountry "CAN"]

1. e4 e5 2. Nf3 Nc6 3. Bb5 Nf6 4. O-O Nxe4 5. d4 Nxd4 6. Nxd4 Bc5 7. Nb3 Nxf2
8. Rxf2 Bxf2+ 9. Kxf2 Qf6+ 10. Ke1 Qh4+ 11. g3 Qxh2 12. Qf3 h5 13. Nc3 h4 14.
gxh4 Qxh4+ 15. Kd1 c6 16. Be2 d5 17. Bd2 f5 18. Be1 Qf6 19. Qg2 e4 20. Qf2 f4
21. a4 e3 22. Qg2 Bh3 23. Qg1 Kd8 24. Qh1 Kc7 25. Nc5 Qd4+ 26. Nd3 Rad8 27. Qg1
a5 28. Bf3 Bf5 29. Ne2 Qf6 30. Bc3 1-0

[Event "Quebec op U2000"]
[Site "Laval CAN"]
[Date "2022.09.06"]
[Round "9.27"]
[White "Wang, Rachel"]
[Black "Forget, Luc"]
[Result "1-0"]
[WhiteElo "1726"]
[BlackElo "1905"]
[PlyCount "51"]
[EventDate "2022.09.01"]
[EventType "swiss"]
[EventRounds "9"]
[EventCountry "CAN"]

1. d4 Nf6 2. c4 e6 3. Nf3 c5 4. d5 exd5 5. cxd5 d6 6. Nc3 g6 7. e4 Bg7 8. Bd3
O-O 9. O-O Bg4 10. h3 Bxf3 11. Qxf3 a6 12. a4 Nbd7 13. Qe2 Rc8 14. f4 Re8 15.
Qf3 c4 16. Bc2 b5 17. axb5 axb5 18. Be3 b4 19. Nb5 Nxe4 20. Bxe4 Qe7 21. Ra6
Bxb2 22. Nxd6 f5 23. Nxc8 Rxc8 24. Bb1 Nc5 25. d6 Qf7 26. Rc6 1-0

[Event "Quebec op U2000"]
[Site "Laval CAN"]
[Date "2022.09.06"]
[Round "9.29"]
[White "Joanis, Marc-Andre"]
[Black "Dupont-Mageau, Nicolas"]
[Result "1/2-1/2"]
[WhiteElo "1780"]
[BlackElo "1749"]
[PlyCount "52"]
[EventDate "2022.09.01"]
[EventType "swiss"]
[EventRounds "9"]
[EventCountry "CAN"]

1. c4 Nf6 2. Nf3 d6 3. d4 g6 4. g3 Bg7 5. Bg2 O-O 6. O-O Nbd7 7. Nc3 c6 8. e4
e5 9. h3 Ne8 10. dxe5 dxe5 11. Bg5 f6 12. Be3 f5 13. Bc5 Rf7 14. Qd2 Qf6 15.
Ba3 Nb6 16. b3 Be6 17. Qg5 h6 18. Qxf6 Bxf6 19. Rad1 Rh7 20. Rfe1 f4 21. Bb2
Nc7 22. Ne2 fxg3 23. fxg3 Nd7 24. Nc1 g5 25. g4 Re8 26. Ne2 Na6 1/2-1/2

[Event "Quebec op U2000"]
[Site "Laval CAN"]
[Date "2022.09.06"]
[Round "9.30"]
[White "Sekki, Abderaouf"]
[Black "Guan, Daniel"]
[Result "1-0"]
[WhiteElo "1951"]
[BlackElo "985"]
[PlyCount "75"]
[EventDate "2022.09.01"]
[EventType "swiss"]
[EventRounds "9"]
[EventCountry "CAN"]

1. d4 Nf6 2. c4 g6 3. Nc3 Bg7 4. e4 d6 5. Be2 O-O 6. Be3 e5 7. d5 a5 8. g4 Na6
9. g5 Nd7 10. h4 Ndc5 11. h5 Bd7 12. Qd2 Qe7 13. Bf3 c6 14. O-O-O Rfd8 15. Nge2
Be8 16. hxg6 fxg6 17. Rh2 Bf8 18. Rdh1 Rd7 19. Bg4 Rc7 20. Ng3 Qd8 21. Kb1 Rg7
22. f4 exf4 23. Bxf4 Bd7 24. Bf3 Be7 25. Be3 Qc7 26. Bd4 Rf7 27. Rxh7 Rxh7 28.
Rxh7 Kxh7 29. Qh2+ Kg8 30. Qh6 Kf7 31. Qg7+ Ke8 32. Qg8+ Bf8 33. Bf6 Bh3 34.
Nh5 Be6 35. dxe6 Nxe6 36. Qxe6+ Be7 37. Qg8+ Bf8 38. Ng7+ 1-0

[Event "Quebec op U2000"]
[Site "Laval CAN"]
[Date "2022.09.06"]
[Round "9.31"]
[White "Zhang, Michelle"]
[Black "Page, Denis"]
[Result "0-1"]
[WhiteElo "1729"]
[BlackElo "1637"]
[PlyCount "114"]
[EventDate "2022.09.01"]
[EventType "swiss"]
[EventRounds "9"]
[EventCountry "CAN"]

1. e4 c5 2. Nf3 Nc6 3. d4 cxd4 4. Nxd4 e5 5. Nb5 d6 6. a4 Be6 7. N1c3 a6 8. Na3
Be7 9. Be3 Nf6 10. Bc4 O-O 11. O-O Nb4 12. Nd5 Nbxd5 13. exd5 Bd7 14. c3 Ng4
15. Bd2 f5 16. h3 Nf6 17. Qe2 Bxa4 18. Ba2 Qe8 19. c4 Kh8 20. f4 Ne4 21. Be1
Bd8 22. Bb1 Bb6+ 23. Kh1 exf4 24. Bd3 Ng3+ 25. Bxg3 Qxe2 26. Bxe2 fxg3 27. Bd3
f4 28. Rae1 Be3 29. b4 Bd2 30. Rb1 Rae8 31. c5 Be3 32. cxd6 Rd8 33. b5 Bxb5 34.
Bxb5 axb5 35. Nxb5 b6 36. Ra1 g5 37. Ra7 Ra8 38. Re7 Bc5 39. Nc7 Rab8 40. Re6
Rbd8 41. Nb5 Kg7 42. Rd1 Rf6 43. Rd2 Kg6 44. Rde2 Be3 45. Ra2 g4 46. hxg4 Kg5
47. Ra7 Rh6+ 48. Rxh6 Kxh6 49. d7 Bc5 50. Rb7 Rg8 51. Rc7 Ra8 52. Ra7 Rd8 53.
Rc7 Kg5 54. Rb7 Kxg4 55. Na7 f3 56. gxf3+ Kxf3 57. Nc6 g2+ 0-1

[Event "Quebec op U2000"]
[Site "Laval CAN"]
[Date "2022.09.06"]
[Round "9.32"]
[White "Baran, Marius"]
[Black "Fumey, Enyonam Sewa"]
[Result "1-0"]
[WhiteElo "1781"]
[BlackElo "1825"]
[PlyCount "85"]
[EventDate "2022.09.01"]
[EventType "swiss"]
[EventRounds "9"]
[EventCountry "CAN"]

1. d4 Nf6 2. c4 e6 3. Nc3 d5 4. cxd5 exd5 5. Bg5 Be7 6. e3 Bf5 7. Bxf6 Bxf6 8.
Qb3 Nd7 9. Qxd5 Be6 10. Qe4 c6 11. Nf3 Qb6 12. Qc2 O-O 13. Bd3 h6 14. O-O g5
15. Ne4 Be7 16. Ng3 Rfd8 17. Rfd1 Rac8 18. Bf5 Nf8 19. Bxe6 Nxe6 20. Ne5 Rd5
21. Qf5 Rf8 22. Nh5 Qd8 23. Qc2 Qc7 24. a3 c5 25. Rac1 Qb8 26. Qe4 Qd8 27. Ng6
fxg6 28. Qxe6+ Rf7 29. Qxg6+ Kf8 30. Qxh6+ Kg8 31. Qg6+ Kf8 32. Ng3 Bf6 33. Ne4
cxd4 34. Nxf6 Rxf6 35. Qd3 Rxf2 36. exd4 Rf4 37. Rf1 Rdxd4 38. Rxf4+ gxf4 39.
Qf5+ Kg7 40. Qe5+ Kg6 41. Re1 Qb6 42. Qe8+ Kf6 43. Qe7+ 1-0

[Event "Quebec op U2000"]
[Site "Laval CAN"]
[Date "2022.09.06"]
[Round "9.33"]
[White "Adulfo, Vincent Angel"]
[Black "Cloutier, Jean-Pierre"]
[Result "1/2-1/2"]
[WhiteElo "1654"]
[BlackElo "1714"]
[PlyCount "65"]
[EventDate "2022.09.01"]
[EventType "swiss"]
[EventRounds "9"]
[EventCountry "CAN"]

1. d4 g6 2. c4 Bg7 3. Nc3 d6 4. e4 Nf6 5. f3 Nbd7 6. Nh3 O-O 7. Be3 c5 8. d5
Ne5 9. Nf2 a6 10. a4 Qa5 11. Qd2 Qb4 12. Qe2 Bd7 13. Bd2 Qxb2 14. Rb1 Qa3 15.
Qd1 Nxf3+ 16. gxf3 Nxd5 17. Rb3 Nxc3 18. Rxa3 Nxd1 19. Nxd1 b5 20. axb5 axb5
21. Rxa8 Rxa8 22. cxb5 f5 23. Bc4+ Kf8 24. Ne3 Ra1+ 25. Nd1 Rb1 26. Bd3 Rb3 27.
Ke2 Bxb5 28. Bxb5 Rxb5 29. exf5 gxf5 30. Ne3 e6 31. Rc1 d5 32. Rxc5 Rxc5 33.
Bb4 1/2-1/2

[Event "RA December op"]
[Site "Ottawa CAN"]
[Date "2022.12.09"]
[Round "1"]
[White "Cortes Orihuela, Javier"]
[Black "Shi, Michael"]
[Result "1-0"]
[WhiteElo "2277"]
[BlackElo "1954"]
[PlyCount "101"]
[EventDate "2022.12.09"]
[EventType "swiss"]
[EventRounds "5"]
[EventCountry "CAN"]

1. d4 d5 2. c4 c6 3. cxd5 cxd5 4. Nc3 Nf6 5. Nf3 Bf5 6. Qb3 Nc6 7. Qxb7 Rc8 8.
e3 Bd7 9. Qb3 Na5 10. Qd1 e6 11. Ba6 Rb8 12. Ne5 Qc7 13. O-O Bd6 14. Nxd7 Nxd7
15. h3 O-O 16. Qe2 f5 17. Rb1 Nf6 18. Bd2 Nc4 19. Bxc4 Qxc4 20. Rfc1 Qxe2 21.
Nxe2 Ne4 22. Be1 g5 23. f3 Nf6 24. Rc6 Rfd8 25. Ba5 Rd7 26. Rxd6 Rxd6 27. Bc7
Rdb6 28. Bxb8 Rxb8 29. b3 Rc8 30. Rc1 Rxc1+ 31. Nxc1 Kf7 32. Nd3 Ke8 33. Ne5 a6
34. Kf2 h5 35. Nd3 Ke7 36. Nb4 a5 37. Nc6+ Kd6 38. Nxa5 Nd7 39. Nb7+ Kc7 40.
Nc5 Nf8 41. g3 Kd6 42. Nd3 Kc6 43. a4 Kb6 44. h4 gxh4 45. gxh4 Ng6 46. Kg3 Ka5
47. Nf4 Nf8 48. Nxh5 Kb4 49. Nf6 Ka5 50. h5 Kb4 51. Kf4 1-0

[Event "RA December op"]
[Site "Ottawa CAN"]
[Date "2022.12.09"]
[Round "1"]
[White "Donev, Danail"]
[Black "Xu, Daniel"]
[Result "0-1"]
[WhiteElo "1982"]
[BlackElo "2343"]
[PlyCount "106"]
[EventDate "2022.12.09"]
[EventType "swiss"]
[EventRounds "5"]
[EventCountry "CAN"]

1. e4 c5 2. Nc3 d6 3. Nf3 a6 4. d4 cxd4 5. Nxd4 Nf6 6. Bc4 e6 7. a4 Be7 8. O-O
O-O 9. f4 Qc7 10. Ba2 b6 11. Kh1 Bb7 12. Qe2 Nbd7 13. f5 e5 14. Nf3 Nc5 15. Bd5
Rac8 16. Bxb7 Qxb7 17. Bg5 Ncd7 18. Rad1 Rc5 19. Nd5 Nxd5 20. Rxd5 Bxg5 21.
Nxg5 h6 22. Nf3 Rxd5 23. exd5 Qxd5 24. Qxa6 e4 25. Ne1 Ra8 26. Qb5 Qxb5 27.
axb5 Ra5 28. c4 Ne5 29. b3 Ra3 30. Rf4 Ra1 31. Rxe4 Nd3 32. Re8+ Kh7 33. Kg1
Rxe1+ 34. Rxe1 Nxe1 35. Kf2 Nc2 36. Kf3 Nd4+ 37. Ke4 Nxb3 38. Kd5 Na5 39. Kxd6
Nxc4+ 40. Kd5 Na5 41. Kd6 Kg8 42. Kd7 Kf8 43. Kd8 Nc4 44. Kd7 f6 45. g3 Kf7 46.
h3 h5 47. g4 h4 48. Kc6 Ke7 49. Kc7 Ke8 50. Kc6 Kd8 51. Kd5 Na3 52. Kc6 Nxb5
53. Kxb5 Kc7 0-1

[Event "RA December op"]
[Site "Ottawa CAN"]
[Date "2022.12.09"]
[Round "1"]
[White "Fang, Zhou"]
[Black "Han, Johnathan"]
[Result "0-1"]
[WhiteElo "1932"]
[BlackElo "2269"]
[PlyCount "102"]
[EventDate "2022.12.09"]
[EventType "swiss"]
[EventRounds "5"]
[EventCountry "CAN"]

1. e4 c5 2. Nf3 d6 3. d4 cxd4 4. Nxd4 Nf6 5. Nc3 a6 6. Bg5 e6 7. f4 Nbd7 8. Qf3
Qc7 9. O-O-O b5 10. g4 b4 11. Nce2 Bb7 12. Ng3 Rc8 13. Bxf6 Nxf6 14. Bd3 Nd7
15. f5 e5 16. Nde2 a5 17. Kb1 a4 18. g5 Qa5 19. h4 b3 20. cxb3 axb3 21. a3 d5
22. Rc1 Ra8 23. Rc3 Bxa3 24. Rxb3 Bb4 25. Rc1 Nc5 26. Rxc5 Qxc5 27. Nc3 d4 28.
Na2 Ra4 29. Qe2 O-O 30. Bb5 Ra5 31. Rxb4 Rxa2 32. Qc4 Qxc4 33. Bxc4 Ra7 34. g6
Rc8 35. Bxf7+ Kh8 36. Be6 Rd8 37. Kc1 Ba8 38. h5 Ra1+ 39. Kd2 Rg1 40. Ne2 Rg2
41. Bd5 Bxd5 42. exd5 Rh2 43. d6 Rxh5 44. Ng3 Rh2+ 45. Kc1 hxg6 46. fxg6 Rg2
47. Rb3 Kg8 48. Nf5 Rf2 49. Ne7+ Kf8 50. Rb6 Rf6 51. Nc6 Rfxd6 0-1

[Event "RA December op"]
[Site "Ottawa CAN"]
[Date "2022.12.09"]
[Round "1"]
[White "Jaferian, Koosha"]
[Black "Wang, Derek"]
[Result "1-0"]
[WhiteElo "2358"]
[BlackElo "2080"]
[PlyCount "101"]
[EventDate "2022.12.09"]
[EventType "swiss"]
[EventRounds "5"]
[EventCountry "CAN"]

1. e4 c5 2. Nc3 Nc6 3. Bb5 e6 4. Bxc6 bxc6 5. d3 Nf6 6. f4 Be7 7. Nf3 O-O 8.
O-O d5 9. Qe1 Rb8 10. b3 Ba6 11. Bd2 Qc7 12. Rd1 Rfe8 13. Ne5 Bd6 14. Kh1 Rbc8
15. Rf3 Bxe5 16. fxe5 Qxe5 17. Bf4 Qh5 18. Rh3 Qg4 19. Ne2 e5 20. Rg3 Qe6 21.
Bg5 Nd7 22. Qa5 Bb7 23. Rf1 Qd6 24. c4 d4 25. Qe1 Rc7 26. Rgf3 Nf8 27. Qf2 f6
28. Bc1 Bc8 29. Qh4 Qe6 30. Ba3 Qe7 31. Qg3 Kh8 32. Kg1 Rb7 33. h3 Be6 34. Qe1
Bf7 35. Ng3 Bg6 36. Qa5 Ne6 37. Nf5 Qc7 38. Qe1 Qd7 39. Bc1 Qd8 40. Qh4 Kg8 41.
Rg3 Rd7 42. Qg4 Bxf5 43. exf5 Nc7 44. Qe4 Rd6 45. h4 Na6 46. h5 Re7 47. h6 Qc7
48. Rff3 Rdd7 49. hxg7 Nb4 50. Qh4 Qd6 51. Qxh7+ 1-0

[Event "RA December op"]
[Site "Ottawa CAN"]
[Date "2022.12.09"]
[Round "1"]
[White "Latorre, Vincent"]
[Black "Rodrigue-Lemieux, Shawn"]
[Result "1/2-1/2"]
[WhiteElo "2070"]
[BlackElo "2517"]
[PlyCount "101"]
[EventDate "2022.12.09"]
[EventType "swiss"]
[EventRounds "5"]
[EventCountry "CAN"]

1. e4 e5 2. Nf3 Nc6 3. Bc4 Nf6 4. d3 h6 5. c3 d6 6. a4 g6 7. O-O Bg7 8. a5 a6
9. b4 O-O 10. Nbd2 Kh8 11. Qb3 Qe7 12. Re1 Nh5 13. Bd5 Nf4 14. Bxc6 bxc6 15. d4
exd4 16. cxd4 c5 17. bxc5 dxc5 18. Ba3 Qe6 19. Bxc5 Qxb3 20. Nxb3 Rd8 21. Rad1
Rb8 22. Re3 Bd7 23. g3 Ne6 24. Ne5 Be8 25. Rc1 Kg8 26. f4 Ba4 27. Rcc3 g5 28.
Rf3 gxf4 29. gxf4 Bxb3 30. Rxb3 Nxd4 31. Bxd4 Rxb3 32. Rxb3 Rxd4 33. Rb8+ Kh7
34. Nxf7 Rxe4 35. Rb7 Rxf4 36. Rxc7 Kg6 37. Nd8 Bd4+ 38. Kg2 Rf2+ 39. Kg3 Rf6
40. Rc6 Be5+ 41. Kg2 Rxc6 42. Nxc6 Bd6 43. h3 Kg5 44. Kf3 Kh4 45. Kg2 Kh5 46.
Kf3 Kg5 47. Nd4 h5 48. Ke4 Bb4 49. Nc6 Be1 50. Kf3 Kf5 51. Nb8 1/2-1/2

[Event "RA December op"]
[Site "Ottawa CAN"]
[Date "2022.12.09"]
[Round "1"]
[White "Sambuev, Bator"]
[Black "Kellar, Ben"]
[Result "1-0"]
[WhiteElo "2488"]
[BlackElo "2049"]
[PlyCount "75"]
[EventDate "2022.12.09"]
[EventType "swiss"]
[EventRounds "5"]
[EventCountry "CAN"]

1. d4 d5 2. c4 c6 3. Nf3 Nf6 4. e3 Bf5 5. Nc3 e6 6. Nh4 Be4 7. Qb3 Qc7 8. cxd5
exd5 9. Nxe4 Nxe4 10. Bd3 Nd7 11. f3 Nd6 12. O-O Be7 13. Nf5 Nxf5 14. Bxf5 O-O
15. e4 Nb6 16. e5 Nc4 17. Qd3 g6 18. Bh3 c5 19. b3 cxd4 20. bxc4 dxc4 21. Qe4
Rfd8 22. Bf4 Qc5 23. Qxb7 d3+ 24. Kh1 Rab8 25. Qe4 Rd4 26. Be3 Rxe4 27. Bxc5
Rxe5 28. Bxa7 Rb7 29. Bd4 Re2 30. a4 Bb4 31. a5 d2 32. a6 Rb8 33. a7 Ra8 34.
Bd7 c3 35. Ba4 Re7 36. Bc2 f5 37. g4 Rd7 38. Bf2 1-0

[Event "RA December op"]
[Site "Ottawa CAN"]
[Date "2022.12.09"]
[Round "1"]
[White "Zhu, Matthew"]
[Black "Dukic, Zachary"]
[Result "0-1"]
[WhiteElo "2041"]
[BlackElo "2399"]
[PlyCount "84"]
[EventDate "2022.12.09"]
[EventType "swiss"]
[EventRounds "5"]
[EventCountry "CAN"]

1. e4 c5 2. Nf3 Nc6 3. Bb5 g6 4. c3 Nf6 5. Qe2 Qb6 6. O-O Bg7 7. Bxc6 Qxc6 8.
Re1 O-O 9. d4 cxd4 10. cxd4 d5 11. e5 Ne4 12. Nfd2 Ng5 13. Na3 b6 14. Nb3 Ne6
15. Be3 f6 16. Rac1 Qd7 17. exf6 exf6 18. f3 a6 19. Qd2 a5 20. Bh6 Ba6 21. Bxg7
Kxg7 22. Na1 Qd6 23. Rc3 Rae8 24. Rce3 Kf7 25. N1c2 Nf4 26. g3 Nh3+ 27. Kg2 Ng5
28. b4 a4 29. b5 Bc8 30. Qb4 Qd7 31. Qxa4 h5 32. Qb3 h4 33. gxh4 Ne6 34. Nb4
Nf4+ 35. Kh1 Qh3 36. Rg1 Qxh4 37. Nac2 Rh8 38. Rg2 Nxg2 39. Kxg2 Qxh2+ 40. Kf1
Qd2 41. Kg1 Qd1+ 42. Ne1 Qxb3 0-1

[Event "RA December op"]
[Site "Ottawa CAN"]
[Date "2022.12.10"]
[Round "2"]
[White "Cortes Orihuela, Javier"]
[Black "Sambuev, Bator"]
[Result "0-1"]
[WhiteElo "2277"]
[BlackElo "2488"]
[PlyCount "64"]
[EventDate "2022.12.09"]
[EventType "swiss"]
[EventRounds "5"]
[EventCountry "CAN"]

1. d4 d5 2. c4 e6 3. Nf3 c6 4. Qc2 dxc4 5. Qxc4 Nf6 6. g3 b5 7. Qc2 Bb7 8. Bg2
Nbd7 9. a4 c5 10. O-O b4 11. Nbd2 Rc8 12. Qd3 Be7 13. Ne1 Bxg2 14. Nxg2 O-O 15.
e4 Ne5 16. Qe2 Qxd4 17. Kh1 Rfd8 18. f4 Nd3 19. e5 Nxc1 20. Raxc1 Qxd2 21. Qxd2
Rxd2 22. exf6 Bxf6 23. b3 Rd3 24. Rb1 c4 25. bxc4 Rxc4 26. Ne1 Ra3 27. Nf3 Rxa4
28. Rfd1 h6 29. Rd7 a5 30. Ne5 Bxe5 31. fxe5 Ra2 32. Rf1 Rcc2 0-1

[Event "RA December op"]
[Site "Ottawa CAN"]
[Date "2022.12.10"]
[Round "2"]
[White "Dukic, Zachary"]
[Black "Latreille, Etienne"]
[Result "1-0"]
[WhiteElo "2399"]
[BlackElo "2225"]
[PlyCount "89"]
[EventDate "2022.12.09"]
[EventType "swiss"]
[EventRounds "5"]
[EventCountry "CAN"]

1. e4 c5 2. Nf3 Nc6 3. d4 cxd4 4. Nxd4 g6 5. Nc3 Bg7 6. Be3 Nf6 7. Bc4 O-O 8.
Bb3 Re8 9. Nxc6 dxc6 10. h3 Qa5 11. Qf3 Rf8 12. O-O Nd7 13. Bf4 Nc5 14. Rfe1 e5
15. Bd2 Ne6 16. Rad1 Qc7 17. Ne2 Kh8 18. Bc3 a5 19. a3 Nc5 20. Nc1 f5 21. exf5
gxf5 22. Nd3 e4 23. Qf4 Qxf4 24. Bxg7+ Kxg7 25. Nxf4 Nxb3 26. cxb3 Kf6 27. f3
Re8 28. Rd4 Ke5 29. Rdxe4+ fxe4 30. Rxe4+ Kf5 31. g4+ Kg5 32. h4+ Kxh4 33. Rxe8
Kg3 34. Rf8 Kxf3 35. Nd5+ Kxg4 36. Nb6 Rb8 37. Rxc8 Rxc8 38. Nxc8 Kf3 39. Nd6
b6 40. Nc4 Ke2 41. Nxb6 Kd3 42. b4 axb4 43. a4 Kd4 44. b3 Kc3 45. a5 1-0

[Event "RA December op"]
[Site "Ottawa CAN"]
[Date "2022.12.10"]
[Round "2"]
[White "Duong, Thanh Nha"]
[Black "Latorre, Vincent"]
[Result "0-1"]
[WhiteElo "2238"]
[BlackElo "2070"]
[PlyCount "126"]
[EventDate "2022.12.09"]
[EventType "swiss"]
[EventRounds "5"]
[EventCountry "CAN"]

1. d4 Nf6 2. Nf3 e6 3. g3 b6 4. Bg2 Bb7 5. O-O Be7 6. c4 O-O 7. Nc3 d6 8. Qc2
Nbd7 9. e4 e5 10. d5 a5 11. h3 c5 12. Ne1 Bc8 13. Nd3 g6 14. Bh6 Re8 15. f4 Nh5
16. fxe5 Nxe5 17. Nxe5 dxe5 18. Qf2 f6 19. g4 Ng7 20. Rad1 Qd7 21. Rd3 Ba6 22.
b3 Rf8 23. d6 Bd8 24. Qd2 Ra7 25. Rdf3 Rf7 26. Bxg7 Kxg7 27. g5 Qe6 28. gxf6+
Rxf6 29. Rxf6 Bxf6 30. Rf3 Rd7 31. Rd3 h5 32. Kh2 Qf7 33. a4 Bb7 34. Nb5 Bc6
35. Nc7 Bd8 36. Rf3 Qg8 37. Qb2 Bf6 38. Rd3 Rd8 39. Qd2 Rd7 40. Qc3 Kh7 41. Qe1
Bd8 42. Nb5 Bxb5 43. axb5 Bg5 44. h4 Bf4+ 45. Kh1 Qd8 46. Qd1 Qxh4+ 47. Kg1
Rxd6 48. Qe2 Rxd3 49. Qxd3 Qe1+ 50. Bf1 Be3+ 51. Kh2 Qf2+ 52. Bg2 Bf4+ 53. Kh1
Qe1+ 54. Bf1 Qd2 55. Qxd2 Bxd2 56. Be2 Kh6 57. Kg2 g5 58. Bf1 g4 59. Kf2 Kg5
60. Ke2 Bf4 61. Bg2 h4 62. Kf2 h3 63. Bf1 g3+ 0-1

[Event "RA December op"]
[Site "Ottawa CAN"]
[Date "2022.12.10"]
[Round "2"]
[White "Han, Johnathan"]
[Black "Jaferian, Koosha"]
[Result "1/2-1/2"]
[WhiteElo "2269"]
[BlackElo "2358"]
[PlyCount "126"]
[EventDate "2022.12.09"]
[EventType "swiss"]
[EventRounds "5"]
[EventCountry "CAN"]

1. e4 e5 2. Nf3 Nc6 3. d4 exd4 4. Nxd4 Nf6 5. Nxc6 bxc6 6. e5 Qe7 7. Qe2 Nd5 8.
c4 Ba6 9. Nd2 g6 10. Nf3 Qb4+ 11. Kd1 Ne7 12. Kc2 Bg7 13. b3 O-O 14. Bb2 c5 15.
h4 Qb6 16. Rd1 Rad8 17. Qe3 Nc6 18. h5 Nb4+ 19. Kb1 Qe6 20. Qf4 d6 21. Ng5 Qe7
22. hxg6 fxg6 23. Qh4 h6 24. Ne4 Qxh4 25. Rxh4 g5 26. Rh1 Bb7 27. Nf6+ Kf7 28.
a3 Nc6 29. Be2 Nxe5 30. Bxe5 Bxf6 31. Bxf6 Kxf6 32. Rxh6+ Kg7 33. Re6 Rxf2 34.
Bd3 Bxg2 35. Rg6+ Kf7 36. Rxg5 Rg8 37. Rxg8 Kxg8 38. Kc1 Kf7 39. Rd2 Rxd2 40.
Kxd2 a5 41. Kc3 Ke6 42. b4 cxb4+ 43. axb4 axb4+ 44. Kxb4 Ke5 45. Kc3 Kf4 46.
Kd4 c5+ 47. Kc3 Ke3 48. Bf5 Be4 49. Be6 Kf4 50. Bd7 Bf5 51. Bc6 Be6 52. Bb7 Ke5
53. Bc6 d5 54. cxd5 Bxd5 55. Bxd5 Kxd5 56. Kd3 c4+ 57. Kc3 Kc5 58. Kc2 Kd4 59.
Kd2 c3+ 60. Kc2 Kc4 61. Kc1 Kd3 62. Kd1 c2+ 63. Kc1 Kc3 1/2-1/2

[Event "RA December op"]
[Site "Ottawa CAN"]
[Date "2022.12.10"]
[Round "2"]
[White "Lawson, Eric"]
[Black "Guillemette, Hugo"]
[Result "1-0"]
[WhiteElo "2386"]
[BlackElo "2129"]
[PlyCount "79"]
[EventDate "2022.12.09"]
[EventType "swiss"]
[EventRounds "5"]
[EventCountry "CAN"]

1. e4 c5 2. Nf3 e6 3. d4 cxd4 4. Nxd4 Nc6 5. Nc3 Qc7 6. Be3 a6 7. f4 b5 8. a3
Bb7 9. Nxc6 Bxc6 10. Bd3 Nf6 11. O-O d6 12. Qe2 Be7 13. Bd4 O-O 14. e5 Nd7 15.
Rae1 dxe5 16. fxe5 Bc5 17. Rf4 Bxd4+ 18. Rxd4 Qb6 19. Qe3 h6 20. Kh1 Rad8 21.
Ne2 Rfe8 22. Nf4 Nf8 23. c3 Qb7 24. Rxd8 Rxd8 25. Qg3 Qe7 26. h4 Kh8 27. Re3
Nd7 28. b4 Nb6 29. Qg4 Nd5 30. Rg3 Qf8 31. Nh5 g6 32. Nf6 Nxf6 33. exf6 Rd7 34.
Qf4 Rd5 35. Kg1 Rh5 36. Qc7 Bd5 37. Rxg6 Rxh4 38. Rg7 e5 39. Bh7 Rh5 40. Rg8+
1-0

[Event "RA December op"]
[Site "Ottawa CAN"]
[Date "2022.12.10"]
[Round "2"]
[White "Liang, Jason"]
[Black "Kot, Emanuel"]
[Result "1-0"]
[WhiteElo "2615"]
[BlackElo "2137"]
[PlyCount "77"]
[EventDate "2022.12.09"]
[EventType "swiss"]
[EventRounds "5"]
[EventCountry "CAN"]

1. e4 c5 2. Nf3 d6 3. Bb5+ Nd7 4. Ba4 a6 5. c4 Ngf6 6. Nc3 g6 7. d3 Bg7 8. h3
O-O 9. O-O b6 10. Rb1 Ne8 11. Be3 Nc7 12. d4 Rb8 13. Bxd7 Bxd7 14. Qd2 cxd4 15.
Bxd4 b5 16. Bxg7 Kxg7 17. cxb5 Nxb5 18. Nd5 Rb7 19. Rbc1 Na7 20. Rc2 Nc8 21.
Rfc1 Nb6 22. Rc7 Rxc7 23. Nxc7 Kg8 24. Qd4 Na4 25. Nxa6 Qa5 26. Nb4 Rb8 27. Nd5
Qd8 28. e5 Be6 29. Nc7 Rc8 30. exd6 exd6 31. Qxa4 Rxc7 32. Rxc7 Qxc7 33. b3 Qc2
34. Qa5 Kg7 35. Qd2 Qb1+ 36. Kh2 d5 37. Nd4 h6 38. a4 Bd7 39. a5 1-0